Statistics for Countries by Tallest Clock Tower

Click here to take the quiz!

General Stats

  • This quiz has been taken 32 times
  • The average score is 6 of 10

Answer Stats

Clock TowerHeight (metres)Country% Correct
Metropolitan Life Insurance Company Tower213.4United States
93%
Abraj Al Bait Towers601Saudi Arabia
81%
NTT Docomo Yoyogi Building240Japan
74%
Moscow State University118Russia
74%
St. Michael's Church tower132Germany
70%
Mortegliano bell tower113.2Italy
70%
Central do Brasil122Brazil
67%
Cathedral of Our Lady123Belgium
41%
Palace of Culture and Science230.7Poland
37%
Copenhagen City Hall105.6Denmark
33%

Score Distribution

Percentile by Number Answered

Percent of People with Each Score

Your Score History

You have not taken this quiz